2500 Biggest US cities on a map - Statistics

General Stats
  • This quiz has been taken 61 times
    23 since last reset
  • The average score is 616 of 2500
Answers on the Map
Answers color-coded by a green-red scale on the quiz's map according to % correct below.
 
Answer Stats
City Population % Correct
Houston 2,314,157
92%
Jackson 143,709 | 15,742 | 30,854 | 68,264
92%
Jacksonville 14,420 | 14,682 | 17,237 | +3 others
92%
Knoxville 198,162
92%
Las Vegas 660,929
92%
Los Angeles 3,820,914
92%
Miami 455,924
92%
Minneapolis 425,115
92%
Mount Washington 18,637
92%
Nashville 687,788
92%
New York City 8,258,035
92%
Phoenix 1,650,070
92%
Salt Lake City 209,593
92%
San Francisco 808,988
92%
Washington 15,450 | 15,833 | 33,877 | 678,972
92%
Winston-Salem 252,975
92%
Albany 101,228 | 19,097 | 57,053 | 66,877
83%
Albuquerque 560,274
83%
Anaheim 340,512
83%
Anchorage 286,075
83%
Anna 27,501
83%
Auburn 13,888 | 24,793 | 25,983 | +2 others
83%
Augusta 19,102 | 200,884
83%
Austin 26,171 | 979,882
83%
Baltimore 565,239
83%
Baton Rouge 219,573
83%
Billings 120,864
83%
Birmingham 196,644 | 21,434
83%
Boise 235,421
83%
Boston 653,833
83%
Bridgeport 148,028
83%
Buffalo 16,541 | 274,678
83%
Cambridge 118,214
83%
Cedar Rapids 135,958
83%
Chattanooga 187,030
83%
Chesapeake 253,886
83%
Chicago 2,664,452
83%
Cincinnati 311,097
83%
Columbia 129,330 | 142,416 | 47,445
83%
Columbus 201,877 | 23,035 | 24,464 | +2 others
83%
Dallas 1,302,868 | 14,985 | 17,644
83%
Denver 716,577
83%
Des Moines 210,381 | 31,988
83%
Detroit 633,218
83%
Durham 296,186
83%
El Paso 678,958
83%
Eugene 177,899
83%
Fairbanks 31,856
83%
Fort Lauderdale 184,255
83%
Fort Wayne 269,994
83%
Fort Worth 978,468
83%
Glendale 187,050 | 253,855
83%
Green 27,338
83%
Greenville 27,644 | 32,717 | 72,824 | 90,053
83%
Hollywood 153,859
83%
Honolulu 341,778
83%
Huntington 16,992 | 45,325
83%
Huntington Beach 192,129
83%
Huntsville 225,564 | 48,552
83%
Indiana 14,289
83%
Indianapolis 879,293
83%
Jersey City 291,657
83%
Juneau 31,555
83%
Kansas City 152,933 | 510,704
83%
Kent 133,378 | 27,601
83%
Key West 25,103
83%
Lincoln 294,757 | 54,538
83%
Little Rock 203,842
83%
Louisville 20,390 | 622,981
83%
Memphis 618,639
83%
Milwaukee 561,385
83%
Missoula 77,757
83%
Montgomery 195,287 | 21,955
83%
Newark 30,169 | 304,960 | 46,929 | 51,046
83%
New Orleans 364,136
83%
Oakland 436,504
83%
Orlando 320,742
83%
Philadelphia 1,550,542
83%
Pittsburg 20,504 | 75,803
83%
Portland 20,481 | 630,498 | 69,104
83%
Raleigh 482,295
83%
Reno 274,915
83%
Richmond 114,106 | 229,247 | 35,425 | 37,206
83%
Salem 177,432 | 25,600 | 44,744
83%
San Antonio 1,495,295
83%
San Diego 1,388,320
83%
Sandy 91,943
83%
San Jose 969,655
83%
Seattle 755,078
83%
Spokane 229,447
83%
Springfield 112,544 | 153,672 | 170,188 | +3 others
83%
St. Louis 281,754
83%
St. Paul 303,820
83%
Tacoma 222,906
83%
Tallahassee 202,221
83%
Tampa 403,364
83%
Tucson 547,239
83%
Virginia Beach 453,649
83%
Allen 111,620
75%
Allentown 124,880
75%
Arlington 15,305 | 21,206 | 398,431
75%
Athens 128,628 | 14,731 | 24,673 | 30,904
75%
Atlanta 510,823
75%
Aurora 17,717 | 177,563 | 395,052
75%
Bakersfield 413,381
75%
Bell 31,864
75%
Bellevue 151,574 | 16,730 | 63,922
75%
Boulder 105,898
75%
Carson 58,036 | 91,139
75%
Charleston 155,369 | 17,028 | 46,838
75%
Charlotte 911,311
75%
Cheyenne 65,168
75%
Cleveland 362,656 | 49,086
75%
Colorado Springs 488,664
75%
Concord 110,119 | 122,315 | 44,629
75%
Corpus Christi 316,595
75%
Dayton 135,512
75%
Dover 18,435 | 33,485 | 39,894
75%
Elizabeth 135,829
75%
Erie 35,269 | 92,957
75%
Evans 22,326
75%
Fayetteville 101,680 | 20,083 | 209,749
75%
Fresno 545,716
75%
Gainesville 145,812 | 18,107 | 47,265
75%
Grand Rapids 196,608
75%
Green Bay 105,744
75%
Greensboro 302,296
75%
Harrisburg 19,883 | 50,012
75%
Hartford 119,669 | 15,894
75%
Helena 22,117 | 34,464
75%
Henderson 14,857 | 27,734 | 337,305
75%
Lancaster 166,236 | 40,215 | 41,422 | 57,153
75%
Lansing 112,115 | 27,713
75%
Lawrence 49,235 | 88,172 | 96,207
75%
Lexington 19,840 | 24,921 | 320,154
75%
Long Beach 16,991 | 34,595 | 449,468
75%
Macon 156,512
75%
Madison 16,432 | 27,987 | 280,305 | 60,854
75%
Manchester 115,474 | 18,012
75%
Milwaukie 21,594
75%
New Haven 135,319 | 15,974
75%
Norfolk 230,930 | 26,147
75%
Oklahoma City 702,767
75%
Omaha 483,335
75%
Ontario 182,457
75%
Orange 138,337 | 19,108
75%
Paterson 156,452
75%
Patterson 25,063
75%
Providence 190,792
75%
Provo 113,343
75%
Redding 92,727
75%
Riverside 24,340 | 318,858
75%
Rochester 122,413 | 207,274 | 33,519
75%
Santa Ana 310,539
75%
Santa Fe 89,167
75%
Scottsdale 244,394
75%
Scranton 75,805
75%
Sioux Falls 206,410
75%
Stamford 136,226
75%
Stockton 319,543
75%
St. Peters 59,413
75%
St. Petersburg 263,553
75%
Syracuse 145,560 | 37,022
75%
Tempe 189,834
75%
Trenton 17,891 | 89,620
75%
Tuscaloosa 111,338
75%
Vancouver 196,442
75%
Wichita 396,119
75%
Wilmington 122,698 | 71,675
75%
Worcester 207,621
75%
Yonkers 207,657
75%
Alexandria 14,943 | 155,230 | 43,466
67%
Ames 65,686
67%
Ann Arbor 119,381
67%
Asheville 95,056
67%
Atlantic City 38,464
67%
Bend 104,557
67%
Benton 37,558
67%
Bismarck 75,092
67%
Burlington 23,565 | 44,528 | 60,032
67%
Canton 36,857 | 69,197
67%
Chandler 280,167
67%
Daytona Beach 82,485
67%
Denton 158,349
67%
Duluth 32,350 | 87,680
67%
Fargo 133,188
67%
Flagstaff 76,586
67%
Flint 79,661
67%
Franklin 25,908 | 35,485 | 88,558
67%
Gilbert 275,411
67%
Irvine 314,621
67%
Jefferson 15,756
67%
Lafayette 121,467 | 25,048 | 30,439 | 71,216
67%
Laredo 257,602
67%
Las Cruces 114,892
67%
Lynn 101,241
67%
Mesa 511,648
67%
Midland 138,397 | 42,663
67%
Mobile 182,595
67%
Modesto 218,915
67%
Naperville 150,245
67%
Newport 24,717
67%
Newport News 183,118
67%
North Las Vegas 284,771
67%
Oceanside 170,020
67%
Overland 15,496
67%
Overland Park 197,089
67%
Peoria 110,460 | 198,750
67%
Pittsburgh 303,255
67%
Plymouth 77,648
67%
Port St. Lucie 245,021
67%
Quincy 101,597 | 38,803
67%
Rapid City 79,404
67%
Roanoke 97,171
67%
Roswell 47,109 | 91,706
67%
Sacramento 526,384
67%
San Bernardino 223,728
67%
Santa Barbara 86,499
67%
Santa Clarita 224,028
67%
Santa Monica 89,922
67%
Savannah 147,748
67%
Shreveport 177,959
67%
Sioux City 85,727
67%
Toledo 265,304
67%
Topeka 125,475
67%
Tyler 110,327
67%
Waco 144,816
67%
Warren 136,655 | 38,751
67%
York 44,867
67%
Yuma 100,858
67%
Amarillo 202,408
58%
Annapolis 40,552
58%
Appleton 74,719
58%
Bangor 31,628
58%
Bellingham 94,720
58%
Bentonville 59,471
58%
Berkeley 118,962
58%
Bloomington 78,587 | 78,840 | 87,398
58%
Bowling Green 30,384 | 76,212
58%
Brownsville 190,158
58%
Burbank 102,755 | 28,164
58%
Cape Coral 224,455
58%
Cary 17,977 | 180,010
58%
Casper 58,720
58%
Clinton 23,588 | 24,239 | 26,698
58%
Coeur d'Alene 56,894
58%
College Station 125,192
58%
Corona 160,238
58%
Davenport 100,354 | 15,068
58%
Eden 15,332
58%
Evansville 115,332
58%
Florence 24,291 | 32,917 | 40,609 | 42,437
58%
Fort Collins 170,376
58%
Fremont 15,812 | 226,208 | 27,602
58%
Gary 67,652
58%
Hamilton 62,997
58%
Hampton 137,098
58%
Hialeah 221,300
58%
Iowa City 75,678
58%
Johnson City 14,874 | 73,337
58%
Joliet 150,489
58%
Kenosha 98,211
58%
Logan 55,250
58%
Lowell 114,296
58%
Lubbock 266,878
58%
Miami Beach 79,607
58%
Miami Gardens 110,717
58%
Moreno Valley 212,392
58%
Nashua 91,003
58%
New Rochelle 83,742
58%
North Miami 59,008
58%
Odessa 115,743
58%
Ogden 87,267
58%
Olathe 147,461
58%
Olympia 55,733
58%
Oxford 22,078 | 22,340 | 27,008
58%
Oxnard 198,488
58%
Palm Bay 135,566
58%
Palm Springs 27,132 | 45,218
58%
Parker 62,743
58%
Poughkeepsie 31,772
58%
Pueblo 111,077
58%
Reading 94,903
58%
Richardson 117,435
58%
Salina 45,792
58%
Salinas 159,506
58%
Santa Clara 131,062
58%
Santa Rosa 175,845
58%
South Bend 103,395
58%
Spokane Valley 108,235
58%
Springdale 88,224
58%
Sunnyvale 151,967
58%
Surprise 158,285
58%
Taylor 17,337 | 61,241
58%
Thornton 144,922
58%
Troy 14,591 | 17,836 | 26,848 | +2 others
58%
Tulsa 411,894
58%
Utica 63,607
58%
West Jordan 114,908
58%
West Valley City 134,470
58%
Yakima 96,750
58%
Aberdeen 17,014 | 18,006 | 28,110
50%
Abilene 129,043
50%
Akron 188,701
50%
Arvada 121,414
50%
Biloxi 48,235
50%
Bozeman 57,305
50%
Bristol 16,807 | 27,854 | 61,601
50%
Buckeye 108,909
50%
Butte 35,701
50%
Carmel 102,296
50%
Central 29,781
50%
Chico 101,301
50%
Chino 93,114
50%
Clarksville 180,716 | 22,208
50%
Clearwater 116,850
50%
Clovis 125,826 | 37,612
50%
Compton 90,986
50%
Coral Springs 134,906
50%
Cranston 82,635
50%
Danbury 86,124
50%
Davie 107,799
50%
Dearborn 105,811
50%
Dublin 16,008 | 48,923 | 69,128
50%
East Providence 46,900
50%
Elgin 113,310
50%
Elk Grove 178,444
50%
Evanston 75,070
50%
Everett 111,180 | 50,318
50%
Farmington 18,362 | 23,909 | 25,771 | 46,237
50%
Fort Smith 89,770
50%
Frederick 17,676 | 85,793
50%
Frisco 225,007
50%
Garland 243,470
50%
Gastonia 83,942
50%
Goodyear 111,805
50%
Grand Prairie 202,134
50%
Great Falls 60,422
50%
Greeley 112,609
50%
Gulfport 72,823
50%
Harrison 14,524 | 20,520 | 30,780
50%
High Point 116,926
50%
Hillsboro 107,730
50%
Hoover 92,448
50%
Independence 120,922 | 29,503
50%
Irving 254,373
50%
Jefferson City 42,552
50%
Jonesboro 80,650
50%
Joplin 53,095
50%
Kearney 34,362
50%
Kearny 39,370
50%
Killeen 159,643
50%
Kirkland 91,194
50%
Lake Charles 79,633
50%
Lakeland 122,264 | 14,147
50%
Lehi 90,227
50%
Manhattan 53,682
50%
McAllen 146,593
50%
Meridian 134,801 | 33,551
50%
Mesquite 147,317 | 22,786
50%
Mission 87,292
50%
Murfreesboro 165,430
50%
Nampa 114,268
50%
Napa 77,492
50%
New Bedford 100,695
50%
Norman 130,046
50%
Owensboro 60,140
50%
Palmdale 161,404
50%
Parma 78,951
50%
Pasadena 133,560 | 146,716
50%
Pembroke Pines 171,119
50%
Plano 290,190
50%
Portsmouth 17,555 | 22,733 | 96,793
50%
Princeton 28,027 | 30,289
50%
Rio Rancho 110,660
50%
Rockford 146,120
50%
Rome 31,652 | 38,111
50%
Roseville 159,135 | 35,451 | 46,666
50%
San Juan 36,448
50%
Santa Maria 109,987
50%
Simi Valley 125,113
50%
Somerville 14,112 | 80,407
50%
South Jordan 84,528
50%
Sparks 110,323
50%
Sterling 14,508
50%
Sterling Heights 133,306
50%
St. George 104,578
50%
Sunrise 96,808
50%
Torrance 139,224
50%
Tupelo 37,675
50%
Victorville 138,869
50%
Visalia 144,998
50%
Waterbury 114,990
50%
Waterloo 66,606
50%
Westminster 114,875 | 20,536 | 88,729
50%
Anderson 29,980 | 55,199
42%
Antioch 117,096 | 14,833
42%
Avon 24,231 | 25,403
42%
Beaumont 112,193 | 58,463
42%
Beaverton 96,945
42%
Bethlehem 78,300
42%
Boca Raton 99,974
42%
Brockton 104,890
42%
Broken Arrow 119,194
42%
Brookings 24,312
42%
Caldwell 68,336
42%
Camden 71,100
42%
Carrollton 132,918 | 27,793
42%
Champaign 89,189
42%
Chula Vista 274,333
42%
Cicero 81,004
42%
Davis 65,832
42%
Decatur 24,307 | 58,321 | 68,670
42%
Dodge City 27,514
42%
Dothan 71,258
42%
East Lansing 48,528
42%
Easton 17,225 | 29,538
42%
Edinburg 105,799
42%
Edmond 98,103
42%
Enid 50,577
42%
Fairfield 120,768 | 44,447
42%
Fall River 93,840
42%
Federal Way 97,701
42%
Fishers 104,094
42%
Fontana 215,465
42%
Fort Myers 97,372
42%
Frankfort 16,409 | 20,907 | 28,285
42%
Fullerton 139,250
42%
Gaithersburg 69,563
42%
Galveston 53,237
42%
Georgetown 39,462 | 96,312
42%
Gillette 33,496
42%
Grand Forks 58,921
42%
Grand Island 52,622
42%
Grand Junction 69,412
42%
Gresham 110,685
42%
Haverhill 67,415
42%
Hayward 155,675
42%
Hobbs 39,386
42%
Huron 14,618
42%
Idaho Falls 68,001
42%
Jamestown 15,691 | 27,965
42%
Jurupa Valley 107,321
42%
Kalamazoo 73,126
42%
Kissimmee 81,269
42%
Lakewood 155,961 | 49,337 | 62,303 | 78,135
42%
Laramie 32,152
42%
Lawton 90,245
42%
Lebanon 15,342 | 15,429 | 17,252 | +4 others
42%
Lee's Summit 104,184
42%
Lewiston 34,836 | 38,404
42%
Lewisville 133,553 | 14,002
42%
Lorain 65,337
42%
Maricopa 71,022
42%
Marshall 13,906 | 24,118
42%
Marysville 28,423 | 72,916
42%
Melbourne 86,960
42%
Middletown 25,022 | 30,152 | 47,984 | 51,478
42%
Milton 41,383
42%
Minnetonka 52,463
42%
Minot 47,373
42%
Missouri City 76,773
42%
Monroe 15,600 | 15,929 | 19,447 | +3 others
42%
Moore 63,470
42%
Morgantown 30,429
42%
Moscow 26,387
42%
Mount Pleasant 16,055 | 20,859 | 27,727 | 95,232
42%
Mount Vernon 14,247 | 16,551 | 35,259 | 71,168
42%
Myrtle Beach 39,697
42%
New Britain 74,080
42%
New London 27,560
42%
Newton 15,645 | 18,251 | 88,415
42%
North Charleston 121,469
42%
Ocala 68,426
42%
Orem 95,519
42%
Parkland 37,911
42%
Pawtucket 75,321
42%
Pomona 145,502
42%
Pompano Beach 113,619
42%
Racine 76,602
42%
Redmond 37,009 | 80,280
42%
Redwood City 80,996
42%
Renton 104,491
42%
Rockville 67,297
42%
Rutland 15,630
42%
Salisbury 33,159 | 36,319
42%
San Mateo 101,327
42%
Sarasota 57,602
42%
Schenectady 68,544
42%
South Burlington 21,043
42%
South Portland 26,840
42%
St. Augustine 15,596
42%
St. Charles 32,654 | 71,800
42%
St. Joseph 70,634
42%
Thousand Oaks 123,463
42%
Twin Falls 54,943
42%
Vallejo 122,807
42%
Victoria 65,800
42%
Waltham 64,477
42%
Waukegan 87,642
42%
Weston 15,969 | 68,181
42%
West Palm Beach 124,130
42%
White Plains 61,288
42%
Williamsburg 15,847
42%
Winchester 19,254 | 27,617
42%
Ada 16,611
33%
Arlington Heights 74,495
33%
Avondale 93,545
33%
Beverly 42,318
33%
Bowie 57,254
33%
Brandon 25,719
33%
Brighton 42,477
33%
Burnsville 64,772
33%
Carlsbad 113,495 | 31,499
33%
Cedar Falls 40,737
33%
Centennial 106,883
33%
Charlottesville 44,983
33%
Chester 33,595
33%
Clayton 17,461 | 30,216
33%
Clifton 88,461
33%
Corvallis 61,087
33%
Council Bluffs 62,399
33%
Daly City 99,833
33%
Davidson 14,521
33%
Des Plaines 58,010
33%
Destin 14,188
33%
Downey 108,816
33%
East St. Louis 17,642
33%
Elizabethtown 32,978
33%
Escondido 148,122
33%
Framingham 71,875
33%
Garden Grove 168,234
33%
Hammond 22,527 | 76,193
33%
Hattiesburg 48,414
33%
Hempstead 58,225
33%
Hilton Head Island 38,097
33%
Hot Springs 37,994
33%
Hudson 15,473 | 22,968
33%
Indio 93,057
33%
Jeffersonville 51,235
33%
Kingston 23,777
33%
Kokomo 59,890
33%
Largo 82,248
33%
Layton 83,516
33%
Lima 34,794
33%
Livermore 82,908
33%
Livonia 92,185
33%
Lynchburg 79,535
33%
Mansfield 47,711 | 78,542
33%
Maple Grove 71,288
33%
Marietta 62,769
33%
Mason 35,660
33%
Medford 58,744 | 85,098
33%
Meriden 60,111
33%
Midwest City 58,086
33%
Milford 50,421
33%
Miramar 138,319
33%
Mission Viejo 90,624
33%
Mitchell 15,621
33%
Monterey 29,116
33%
Muncie 65,081
33%
Murrieta 111,878
33%
Naples 19,704
33%
New Brunswick 55,846
33%
New Castle 17,329 | 21,413
33%
Newcastle 14,001
33%
Niagara Falls 47,599
33%
Normal 52,618
33%
North Little Rock 64,531
33%
Norwalk 14,873 | 17,130 | 92,458 | 98,078
33%
O'Fallon 31,968 | 94,074
33%
Oregon 19,711
33%
Oshkosh 66,184
33%
Parkersburg 29,025
33%
Pearl 28,117
33%
Pensacola 53,724
33%
Pocatello 58,064
33%
Queen Creek 76,570
33%
Revere 57,954
33%
Rialto 103,391
33%
Rock Hill 75,654
33%
San Angelo 99,262
33%
Sandy Springs 105,793
33%
Sanford 22,251 | 32,064 | 65,394
33%
San Leandro 85,784
33%
San Marcos 71,569 | 94,188
33%
Santa Cruz 61,501
33%
Shawnee 31,803 | 69,417
33%
Sheridan 19,543
33%
Smyrna 56,566 | 57,418
33%
Star 16,333
33%
St. Cloud 66,448 | 71,013
33%
Stillwater 19,240 | 49,525
33%
Suffolk 100,659
33%
Sugar Land 108,515
33%
Summerville 51,884
33%
Sumter 42,766
33%
Taunton 60,412
33%
Temecula 110,682
33%
Temple 93,095
33%
Texas City 56,609
33%
Ventura 109,058
33%
Walla Walla 33,339
33%
Warner Robins 84,537
33%
Warwick 82,999
33%
Watertown 22,692 | 23,230 | 24,157
33%
Waukesha 70,446
33%
West Des Moines 72,205
33%
West Fargo 40,400
33%
West Haven 24,014 | 54,790
33%
Wheeling 26,208 | 37,725
33%
Wichita Falls 102,691
33%
Wilson 47,833
33%
Woodbury 79,538
33%
Woonsocket 43,135
33%
Wyoming 77,451
33%
Youngstown 59,108
33%
Addison 17,100 | 35,167
25%
Alameda 75,353
25%
Alamo 20,460
25%
Alpharetta 67,056
25%
Altoona 21,698 | 42,788
25%
Apex 72,225
25%
Baldwin 20,708
25%
Bay City 17,561 | 32,082
25%
Beckley 16,576
25%
Bedford 48,370
25%
Berkley 14,934
25%
Beverly Hills 30,974
25%
Blaine 73,774
25%
Blue Springs 60,539
25%
Bossier City 62,738
25%
Bradenton 57,076
25%
Bridgeton 26,763
25%
Brooklyn Park 82,017
25%
Broomfield 76,860
25%
Brunswick 15,404 | 35,072
25%
Cedar Hill 48,411
25%
Chapel Hill 62,043
25%
Cleveland Heights 43,908
25%
Coachella 43,590
25%
College Park 34,187
25%
Collinsville 23,779
25%
Conway 27,985 | 69,580
25%
Coon Rapids 63,377
25%
Coral Gables 48,353
25%
Costa Mesa 108,354
25%
Covington 14,677 | 21,125 | 40,972
25%
Cumberland 18,751
25%
Dearborn Heights 60,872
25%
Deltona 98,739
25%
Dickinson 21,834 | 25,130
25%
Dubuque 58,877
25%
Durango 19,534
25%
Eagle 32,319
25%
East Orange 69,556
25%
Eau Claire 70,542
25%
Eden Prairie 62,166
25%
Edina 53,348
25%
Edmonds 42,701
25%
El Cajon 102,991
25%
Elko 20,785
25%
Enterprise 30,271
25%
Euclid 48,212
25%
Eureka 25,734
25%
Florissant 51,128
25%
Fredericksburg 28,928
25%
Gallup 20,451
25%
Garden City 22,835 | 26,325 | 27,371
25%
Germantown 21,020 | 40,267
25%
Glasgow 15,313
25%
Golden 20,242
25%
Hagerstown 43,553
25%
Hanford 59,938
25%
Harrisonburg 51,082
25%
Hendersonville 15,466 | 63,618
25%
Highland 20,217 | 23,525 | 56,202
25%
Hopkins 18,589
25%
Hutchinson 14,701 | 39,662
25%
Inglewood 102,865
25%
Ithaca 32,724
25%
Jeffersontown 28,716
25%
Jupiter 61,291
25%
Keene 22,917
25%
Kenner 63,333
25%
Kennewick 85,158
25%
Kentwood 53,987
25%
La Crosse 51,327
25%
La Mesa 60,537
25%
League City 116,320
25%
Lenexa 58,536
25%
Longview 37,925 | 83,236
25%
Loveland 79,352
25%
Malden 65,133
25%
Marion 16,852 | 28,105 | 35,531 | 42,213
25%
Marlborough 41,179
25%
Maryville 32,436
25%
Mauldin 28,010
25%
McKinney 213,509
25%
Merced 93,692
25%
Michigan City 31,659
25%
Morris 14,508
25%
Noblesville 73,916
25%
Northampton 29,370
25%
North Miami Beach 42,789
25%
Northport 31,111
25%
North Port 88,934
25%
Norwich 39,881
25%
Novi 66,314
25%
Paducah 26,749
25%
Palo Alto 65,882
25%
Panama City 35,660
25%
Paris 24,969
25%
Pasco 80,038
25%
Passaic 68,903
25%
Peabody 54,056
25%
Pearland 127,736
25%
Petersburg 33,309
25%
Pine Bluff 39,123
25%
Plainfield 37,047 | 47,448 | 54,670
25%
Plantation 96,548
25%
Port Angeles 20,101
25%
Post Falls 44,798
25%
Prescott 47,757
25%
Pullman 32,863
25%
Rancho Cucamonga 174,405
25%
Richland 63,757
25%
Riverton 44,854
25%
Rochester Hills 76,002
25%
Rocky Mount 54,245
25%
Rogers 74,035
25%
Round Rock 130,406
25%
Roy 38,592
25%
Saco 20,960
25%
Saginaw 25,139 | 43,185
25%
San Bruno 41,327
25%
San Clemente 62,313
25%
San Luis 37,966
25%
San Rafael 59,555
25%
Sheboygan 49,686
25%
Sherman 47,473
25%
Shoreline 61,353
25%
Skokie 64,937
25%
Southaven 56,851
25%
South Fulton 110,920
25%
South Gate 90,070
25%
Southgate 29,002
25%
Spring Valley 32,969
25%
State College 40,687
25%
St. John 23,644
25%
St. Louis Park 49,697
25%
Taylorsville 57,098
25%
Terre Haute 58,502
25%
Texarkana 29,223 | 35,741
25%
Tracy 98,010
25%
Union City 27,832 | 64,462 | 65,414
25%
University City 34,096
25%
Valdosta 55,025
25%
Vista 98,344
25%
Wake Forest 54,337
25%
Wellington 61,634
25%
Wenatchee 35,526
25%
West Lafayette 44,829
25%
Westland 82,574
25%
West New York 50,754
25%
Williston 27,706
25%
Windsor 25,828 | 40,349
25%
Youngsville 18,002
25%
Yuba City 68,666
25%
Yukon 26,388
25%
Zion 24,206
25%
Alamogordo 31,284
17%
Albertville 23,031
17%
Alton 21,130 | 25,006
17%
Amsterdam 18,093
17%
Ankeny 74,458
17%
Apple Valley 55,336 | 75,036
17%
Ashland 18,718 | 21,061 | 21,154
17%
Attleboro 46,654
17%
Barnstable Town 49,709
17%
Bartlett 39,992 | 56,030
17%
Battle Creek 52,175
17%
Beavercreek 47,193
17%
Belleville 40,726
17%
Belmont 15,515 | 26,622
17%
Biddeford 22,367
17%
Binghamton 46,727
17%
Blacksburg 45,485
17%
Blythe 18,045
17%
Bolingbrook 74,088
17%
Boone 19,811
17%
Boulder City 14,828
17%
Bradley 15,263
17%
Brentwood 45,265 | 65,126
17%
Brookhaven 57,945
17%
Calabasas 22,227
17%
Carlisle 22,341
17%
Castle Rock 81,415
17%
Cedar City 39,942
17%
Central Falls 22,543
17%
Centralia 18,754
17%
Chelsea 16,771 | 38,319
17%
Chesterfield 49,166
17%
Chicopee 54,838
17%
Chino Hills 77,212
17%
Clarksburg 15,489
17%
Coconut Creek 57,694
17%
Colton 53,357
17%
Commerce City 68,245
17%
Conroe 108,248
17%
Covina 48,728
17%
Crystal 21,906
17%
Cuyahoga Falls 50,742
17%
Dalton 34,508
17%
Deerfield 18,884
17%
Deerfield Beach 87,325
17%
DeKalb 40,211
17%
Delaware 45,158
17%
Delray Beach 67,536
17%
Derby 26,233
17%
Donna 16,782
17%
Doral 79,359
17%
Duncan 23,170
17%
Eagan 67,396
17%
Eastlake 17,363
17%
Edwardsville 26,698
17%
Elkhart 53,484
17%
Elmira 26,176
17%
El Monte 103,794
17%
Elyria 53,117
17%
Farmington Hills 82,528
17%
Fernley 24,744
17%
Flower Mound 79,445
17%
Folsom 84,782
17%
Fort Mill 33,626
17%
Gardena 58,377
17%
Glenview 46,904
17%
Gloucester 29,959
17%
Goose Creek 49,249
17%
Greendale 14,472
17%
Greenfield 17,628 | 20,634 | 25,920 | 36,916
17%
Greenwood 22,498 | 66,296
17%
Harlingen 71,510
17%
Hastings 22,121 | 24,896
17%
Hazleton 30,037
17%
Hemet 92,368
17%
Hesperia 100,633
17%
Hickory 44,415
17%
Hoboken 57,010
17%
Holland 34,540
17%
Holyoke 37,628
17%
Homestead 81,659
17%
Howard 20,775
17%
Huntersville 64,688
17%
Huntington Park 51,942
17%
Indian Trail 42,854
17%
Issaquah 38,977
17%
Janesville 66,102
17%
Jasper 14,448 | 16,781
17%
Johns Creek 81,108
17%
Johnston 24,640
17%
Johnstown 17,950 | 19,511
17%
Kalispell 29,886
17%
Katy 26,360
17%
Kingman 35,334
17%
Kirkwood 29,174
17%
Lake Havasu City 59,257
17%
Lakeville 76,243
17%
La Mirada 45,505
17%
Leavenworth 37,034
17%
Leesburg 31,721 | 49,312
17%
Leominster 43,627
17%
Liberty 30,794
17%
Lincoln Park 38,646
17%
Littleton 44,451
17%
Livingston 14,643
17%
Lodi 25,832 | 67,679
17%
Longmont 98,630
17%
Longwood 16,794
17%
Lynnwood 43,867
17%
Madera 68,079
17%
Manassas 42,696
17%
Mandan 24,586
17%
Mankato 45,742
17%
Manteca 91,059
17%
Maple Valley 28,434
17%
Maplewood 39,958
17%
Margate 58,593
17%
Marshalltown 27,574
17%
Martinsburg 18,935
17%
Mason City 26,906
17%
Matthews 30,934
17%
Melrose 29,357
17%
Menifee 113,433
17%
Middleton 22,967
17%
Millcreek 62,205
17%
Mill Creek 20,742
17%
Milpitas 77,321
17%
Morrisville 31,703
17%
Mountain View 81,785
17%
New Berlin 40,260
17%
New Bern 32,226
17%
Newport Beach 82,637
17%
Nicholasville 32,425
17%
Nogales 19,702
17%
North Attleborough 30,943
17%
Oakdale 23,045 | 28,226
17%
Oak Lawn 55,734
17%
Oakley 45,761
17%
Oak Park 29,023 | 52,055
17%
Olive Branch 47,029
17%
Oregon City 37,351
17%
Orland Park 57,074
17%
Ottawa 18,752
17%
Palm Beach Gardens 61,146
17%
Palm Coast 102,113
17%
Palm Desert 51,951
17%
Papillion 23,791
17%
Paramount 51,072
17%
Perris 80,603
17%
Petaluma 58,800
17%
Phenix City 38,441
17%
Pittsfield 43,076
17%
Plum 26,391
17%
Pontiac 61,689
17%
Port Arthur 55,547
17%
Port Orange 65,966
17%
Port Orchard 17,950
17%
Prescott Valley 50,045
17%
Puyallup 42,179
17%
Riverdale 14,672
17%
Rocklin 73,472
17%
Rock Springs 22,954
17%
Rolla 20,423
17%
Rye 16,202
17%
Sammamish 65,116
17%
San Benito 24,493
17%
San Fernando 23,364
17%
San Luis Obispo 49,244
17%
San Pablo 31,249
17%
San Ramon 84,929
17%
Santee 59,478
17%
Saratoga 29,607
17%
Saratoga Springs 28,544 | 52,532
17%
Seaside 31,317
17%
SeaTac 31,799
17%
Selma 16,666 | 24,467
17%
Shelby 22,010
17%
Shelbyville 17,804 | 20,609 | 25,132
17%
Shelton 42,144
17%
Sidney 20,309
17%
Slidell 28,510
17%
Smithfield 14,726
17%
Southfield 75,687
17%
Southlake 31,137
17%
South San Francisco 63,123
17%
Spring Hill 57,637
17%
Starkville 25,444
17%
Swansea 14,472
17%
Thomasville 18,558 | 27,435
17%
Traverse City 15,707
17%
Tulare 71,092
17%
Turlock 72,100
17%
University Park 24,954
17%
Urbana 38,209
17%
Urbandale 46,729
17%
Vacaville 102,526
17%
Valparaiso 34,627
17%
Vero Beach 17,317
17%
Vicksburg 20,192
17%
Vineland 60,797
17%
Waterville 16,823
17%
Wausau 39,968
17%
Wayne 17,078
17%
Weirton 18,386
17%
Wentzville 47,497
17%
West Covina 105,617
17%
West Hollywood 34,349
17%
Westlake 33,972
17%
West Memphis 23,825
17%
West Sacramento 55,842
17%
Winter Haven 57,109
17%
Woodland 61,123
17%
Worthington 14,497
17%
Yorba Linda 66,147
17%
Yorkville 24,693
17%
Zanesville 24,651
17%
Zionsville 32,534
17%
Agawam Town 28,406
8%
Aiken 32,947
8%
Alexander City 14,470
8%
Alhambra 79,776
8%
Alice 17,579
8%
Allen Park 27,528
8%
Alliance 21,525
8%
Andover 15,814 | 33,089
8%
Apache Junction 41,153
8%
Apopka 59,113
8%
Arcadia 54,157
8%
Arcata 19,012
8%
Arnold 21,059
8%
Arroyo Grande 18,243
8%
Ashtabula 17,785
8%
Azusa 48,272
8%
Bainbridge 14,423
8%
Baldwin Park 68,806
8%
Ballwin 30,410
8%
Banning 31,680
8%
Barstow 24,964
8%
Bartow 20,584
8%
Batavia 15,437 | 26,235
8%
Bayonne 70,300
8%
Baytown 84,067
8%
Bellflower 75,122
8%
Beloit 36,342
8%
Bemidji 15,743
8%
Berea 15,998 | 17,922
8%
Bethany 20,369
8%
Bethel Park 32,398
8%
Bonita Springs 56,229
8%
Bothell 50,213
8%
Boynton Beach 81,267
8%
Bremerton 45,450
8%
Brookfield 18,591 | 41,884
8%
Bryan 89,615
8%
Buena Park 81,958
8%
Buffalo Grove 42,482
8%
Bullhead City 43,302
8%
Burien 50,730
8%
Burton 29,376
8%
Calexico 38,224
8%
Calhoun 18,900
8%
Camarillo 69,514
8%
Camas 27,254
8%
Campbell 41,700
8%
Cañon City 17,241
8%
Canyon 16,171
8%
Cape Girardeau 40,508
8%
Carrboro 21,103
8%
Casa Grande 63,743
8%
Cedar Lake 16,068
8%
Cedar Park 77,516
8%
Central Point 19,171
8%
Chatham 14,525
8%
Citrus Heights 86,239
8%
Claremont 35,640
8%
Clearlake 16,481
8%
Cocoa 19,930
8%
Converse 30,321
8%
Coolidge 18,293
8%
Cortland 17,276
8%
Creve Coeur 18,457
8%
Crystal Lake 40,861
8%
Culver City 39,041
8%
Cypress 48,782
8%
Dania Beach 31,915
8%
Danville 17,383 | 28,206 | 41,837 | 42,999
8%
Daphne 30,321
8%
Darien 21,698
8%
Deer Park 33,176
8%
DeLand 43,009
8%
Delano 51,500
8%
Del City 21,312
8%
Denison 26,343
8%
DeSoto 55,740
8%
Diamond Bar 52,041
8%
Douglas 15,638
8%
Duncanville 38,883
8%
East Chicago 25,830
8%
East Point 38,115
8%
Eastvale 70,510
8%
Elizabeth City 18,948
8%
Ellensburg 18,694
8%
Elmhurst 45,336
8%
Encinitas 60,841
8%
Fairfax 25,144
8%
Fairmont 18,155
8%
Fillmore 17,190
8%
Findlay 40,139
8%
Fitchburg 32,284 | 41,579
8%
Fond du Lac 44,300
8%
Forest Lake 20,685
8%
Fort Lee 39,700
8%
Fort Walton Beach 20,925
8%
Fountain 28,489
8%
Fountain Hills 23,611
8%
Fountain Valley 55,468
8%
Freeport 23,136 | 43,756
8%
Gadsden 33,229
8%
Gallatin 50,355
8%
Garfield 32,456
8%
Gilroy 58,250
8%
Gladstone 27,329
8%
Glens Falls 14,507
8%
Goldsboro 33,469
8%
Graham 18,354
8%
Grandview 25,436
8%
Grandville 16,682
8%
Grants Pass 39,149
8%
Grantsville 15,267
8%
Greensburg 14,603
8%
Greer 44,387
8%
Griffin 24,044
8%
Griffith 16,222
8%
Groveland 23,628
8%
Groves 16,764
8%
Grovetown 17,580
8%
Gulf Shores 16,850
8%
Harvey 19,397
8%
Hawthorne 19,496 | 83,364
8%
Hayden 16,422
8%
Hazelwood 24,863
8%
Heber 18,533
8%
Herndon 24,935
8%
Herriman 60,049
8%
Highland Park 14,959 | 30,272
8%
Hinesville 36,181
8%
Hoffman Estates 50,179
8%
Hollister 44,658
8%
Hopewell 22,752
8%
Hopkinsville 30,813
8%
Houma 31,733
8%
Hyattsville 20,662
8%
Indianola 16,043
8%
Junction City 21,856
8%
Kankakee 23,503
8%
Kannapolis 59,321
8%
Keizer 38,564
8%
Kenmore 14,916 | 23,391
8%
Kennesaw 34,683
8%
Kettering 56,876
8%
Kingsland 20,343
8%
Kingsport 56,704
8%
Kirksville 17,483
8%
Klamath Falls 21,888
8%
Kuna 28,050
8%
Kyle 62,548
8%
Lacey 58,326
8%
Laconia 17,142
8%
LaGrange 32,343
8%
La Grange 15,667
8%
La Habra 60,991
8%
Lake Elsinore 73,028
8%
Lake Forest 19,354 | 85,840
8%
Lake Jackson 27,768
8%
Lake Oswego 39,924
8%
Lake St. Louis 18,661
8%
Lakeway 19,189
8%
Lauderhill 73,974
8%
Laurel 16,979 | 29,400
8%
La Verne 29,898
8%
Leander 80,067
8%
Leawood 33,980
8%
Liberal 18,999
8%
Linden 43,950
8%
Lockport 20,436 | 26,537
8%
Lompoc 43,045
8%
Lynwood 63,234
8%
Manhattan Beach 33,369
8%
Maple Heights 22,984
8%
Marana 58,430
8%
Marco Island 16,210
8%
Marquette 21,079
8%
McMinnville 34,450
8%
Melissa 23,571
8%
Menlo Park 31,690
8%
Mercer Island 24,742
8%
Middlesex 14,461
8%
Mishawaka 50,842
8%
Moline 41,965
8%
Monroeville 27,974
8%
Montclair 37,545
8%
Montebello 60,015
8%
Monterey Park 57,877
8%
Montrose 21,333
8%
Mooresville 53,721
8%
Moorhead 45,202
8%
Morristown 20,571 | 32,099
8%
Mountain Home 16,703
8%
Mount Prospect 54,298
8%
Murphy 20,920
8%
Murray 18,086 | 49,553
8%
Muskego 25,312
8%
Muskegon 37,183
8%
Nacogdoches 32,156
8%
Natchez 13,933
8%
Natchitoches 17,195
8%
National City 55,236
8%
New Albany 37,329
8%
Newberg 26,095
8%
New Braunfels 110,958
8%
Newburyport 18,731
8%
New Iberia 27,080
8%
Newnan 44,940
8%
Niles 18,256 | 29,513
8%
Nixa 25,405
8%
Norcross 18,043
8%
Norristown 35,769
8%
North Aurora 19,022
8%
Northbrook 33,977
8%
North Chicago 30,416
8%
Northfield 21,020
8%
North Lauderdale 44,784
8%
North Richland Hills 70,658
8%
North Tonawanda 30,031
8%
Norwood 19,046
8%
Novato 51,722
8%
Oak Creek 37,156
8%
Oakland Park 44,105
8%
Oneonta 15,331
8%
Opelika 33,572
8%
Orange City 14,928
8%
Oswego 17,022 | 37,074
8%
Pacifica 36,426
8%
Palatine 64,869
8%
Palmview 15,874
8%
Pascagoula 21,582
8%
Peekskill 25,442
8%
Perry 24,029
8%
Perth Amboy 55,249
8%
Pharr 80,410
8%
Pico Rivera 59,189
8%
Pinellas Park 53,456
8%
Pineville 14,034
8%
Plattsburgh 19,867
8%
Pleasanton 74,653
8%
Poplar Bluff 16,132
8%
Porterville 62,876
8%
Port Huron 28,383
8%
Pottstown 23,349
8%
Powell 14,491
8%
Punta Gorda 20,227
8%
Radford 16,971
8%
Rancho Cordova 82,605
8%
Rancho Santa Margarita 46,182
8%
Raymore 25,306
8%
Raytown 29,097
8%
Redlands 72,556
8%
Redondo Beach 67,749
8%
Rexburg 39,975
8%
Ridgefield 15,027
8%
River Falls 16,935
8%
Romeoville 40,955
8%
Rosemead 49,305
8%
Round Lake 18,430
8%
Round Lake Beach 26,783
8%
Rowlett 66,813
8%
Royal Oak 57,452
8%
Royal Palm Beach 39,489
8%
Russellville 29,338
8%
Rutherford 18,852
8%
San Carlos 28,862
8%
Sandusky 24,241
8%
San Gabriel 37,732
8%
San Jacinto 55,440
8%
San Juan Capistrano 34,754
8%
Scarsdale 17,747
8%
Schaumburg 75,750
8%
Scottsbluff 14,305
8%
Sebastian 26,846
8%
Seymour 21,666
8%
Sherwood 19,957 | 33,118
8%
Shorewood 18,369
8%
Solon 23,702
8%
South Euclid 21,264
8%
South Lake Tahoe 21,079
8%
South Pasadena 25,623
8%
Spanish Fork 45,557
8%
Spartanburg 39,040
8%
Springville 35,471
8%
Stafford 17,338
8%
Stanton 38,815
8%
Statesville 30,220
8%
Staunton 25,915
8%
St. Clair Shores 57,548
8%
Stockbridge 35,452
8%
Stonecrest 60,677
8%
Stow 33,957
8%
Stuart 19,430
8%
Sugar Hill 25,889
8%
Sunnyside 16,264
8%
Superior 26,423
8%
Tamarac 72,372
8%
Temple City 34,854
8%
Titusville 49,680
8%
Truckee 17,039
8%
Tualatin 27,383
8%
Tumwater 27,239
8%
Tustin 77,704
8%
Twentynine Palms 28,734
8%
Upland 78,699
8%
Valley Stream 40,007
8%
Van Buren 24,138
8%
Venice 28,150
8%
Vestavia Hills 38,020
8%
Vienna 16,306
8%
Walker 25,289
8%
Walnut 27,104
8%
Walnut Creek 69,152
8%
Warrensburg 19,673
8%
Warsaw 16,097
8%
Wauwatosa 47,038
8%
Waynesboro 23,182
8%
Webster Groves 23,449
8%
Westbrook 20,564
8%
Westchester 16,094
8%
West Chester 19,658
8%
West Chicago 25,116
8%
Westfield 30,559 | 40,509 | 57,746
8%
West Melbourne 29,144
8%
West Park 15,109
8%
West Richland 18,456
8%
Weymouth Town 59,114
8%
Wheaton 52,938
8%
Whittier 84,143
8%
Wildwood 18,636 | 34,851
8%
Wilkes-Barre 44,254
8%
Williamsport 27,470
8%
Winter Park 29,894
8%
Woburn 41,647
8%
Woodridge 33,566
8%
Wylie 61,078
8%
Xenia 25,725
8%
Yankton 15,630
8%
Ypsilanti 19,393
8%
Yucca Valley 21,664
8%
Zachary 19,968
8%
Zephyrhills 20,883
8%
Acworth 22,379
0%
Adelanto 38,187
0%
Adrian 20,238
0%
Agoura Hills 19,474
0%
Alabaster 34,107
0%
Albemarle 16,936
0%
Albert Lea 18,269
0%
Algonquin 30,134
0%
Aliso Viejo 50,263
0%
Alsip 18,198
0%
Altamonte Springs 45,257
0%
Altus 18,635
0%
Alvin 28,633
0%
American Canyon 21,347
0%
American Fork 38,549
0%
Americus 15,703
0%
Amesbury Town 17,303
0%
Amherst Town 40,277
0%
Ammon 19,617
0%
Anacortes 18,012
0%
Angleton 20,206
0%
Anniston 21,167
0%
Anoka 17,996
0%
Ansonia 19,008
0%
Ardmore 24,847
0%
Artesia 15,597
0%
Arvin 19,364
0%
Asbury Park 15,391
0%
Asheboro 27,726
0%
Ashwaubenon 16,986
0%
Atascadero 29,700
0%
Atwater 32,052
0%
Auburndale 20,011
0%
Auburn Hills 25,597
0%
Avenal 14,075
0%
Aventura 38,741
0%
Avon Lake 25,942
0%
Azle 14,562
0%
Bainbridge Island 24,254
0%
Balch Springs 26,711
0%
Barberton 24,563
0%
Bartlesville 38,114
0%
Battle Ground 22,285
0%
Bay Village 15,810
0%
Beach Park 14,057
0%
Beacon 15,025
0%
Beaver Dam 16,531
0%
Beech Grove 14,422
0%
Bellaire 17,016
0%
Bella Vista 32,368
0%
Bellefontaine 14,073
0%
Belle Glade 16,840
0%
Bell Gardens 37,467
0%
Bellwood 17,890
0%
Belton 25,171 | 25,534
0%
Belvidere 25,297
0%
Benbrook 24,336
0%
Benicia 26,429
0%
Bensenville 18,352
0%
Bergenfield 28,274
0%
Berwyn 54,414
0%
Bessemer 25,037
0%
Bettendorf 39,858
0%
Big Spring 22,373
0%
Bixby 30,698
0%
Bloomingdale 22,298
0%
Blue Island 21,494
0%
Bluffdale 19,090
0%
Bluffton 35,243
0%
Boerne 21,774
0%
Bonney Lake 22,835
0%
Bountiful 44,144
0%
Bourbonnais 18,042
0%
Brainerd 14,563
0%
Braintree Town 38,490
0%
Braselton 15,538
0%
Brawley 27,849
0%
Brea 48,479
0%
Brenham 19,142
0%
Bridgeview 16,324
0%
Bridgewater Town 28,818
0%
Brigham City 19,970
0%
Broadview Heights 19,634
0%
Brooklyn Center 31,688
0%
Brook Park 18,063
0%
Broussard 14,543
0%
Brownsburg 32,250
0%
Brownwood 18,790
0%
Bryant 21,877
0%
Buda 16,030
0%
Buford 18,273
0%
Burleson 55,220
0%
Burlingame 29,910
0%
Cabot 27,190
0%
Cahokia Heights 17,114
0%
Caledonia 25,326
0%
Calera 18,189
0%
Calumet City 34,358
0%
Canby 17,944
0%
Carbondale 21,592
0%
Carol Stream 38,966
0%
Carpentersville 37,099
0%
Carteret 25,281
0%
Cartersville 24,937
0%
Carthage 15,556
0%
Casselberry 30,595
0%
Castle Pines 14,747
0%
Cathedral City 52,356
0%
Celina 43,317
0%
Center Point 15,705
0%
Centerton 23,953
0%
Centerville 16,517 | 25,754
0%
Ceres 48,397
0%
Cerritos 46,797
0%
Chambersburg 22,245
0%
Chamblee 31,841
0%
Champlin 22,856
0%
Chanhassen 25,937
0%
Channahon 14,138
0%
Chaska 29,034
0%
Chesterton 14,657
0%
Chicago Heights 26,184
0%
Chickasha 16,745
0%
Chillicothe 21,895
0%
Chippewa Falls 14,656
0%
Chowchilla 19,328
0%
Christiansburg 22,542
0%
Chubbuck 16,362
0%
Cibolo 36,374
0%
Circleville 14,452
0%
Claremore 20,385
0%
Clarkston 14,396
0%
Clearfield 34,470
0%
Cleburne 36,209
0%
Clemmons 22,159
0%
Clemson 17,838
0%
Clermont 48,621
0%
Cliffside Park 25,570
0%
Clive 19,005
0%
Coalinga 17,369
0%
Cohoes 18,206
0%
Coldwater 14,439
0%
Colleyville 25,736
0%
Collierville 51,317
0%
Collingswood 14,204
0%
Colonial Heights 18,393
0%
Columbia Heights 22,278
0%
Conyers 19,505
0%
Cookeville 36,657
0%
Cooper City 34,321
0%
Coos Bay 15,595
0%
Coppell 41,404
0%
Copperas Cove 38,696
0%
Coralville 23,596
0%
Corcoran 22,044
0%
Corinth 14,259 | 23,707
0%
Cornelius 14,981 | 33,139
0%
Coronado 18,437
0%
Corsicana 25,671
0%
Cottage Grove 42,056
0%
Cottonwood Heights 32,204
0%
Country Club Hills 16,013
0%
Crawfordsville 16,577
0%
Crest Hill 20,118
0%
Crestview 29,300
0%
Crowley 19,932
0%
Crown Point 34,884
0%
Cudahy 17,706 | 21,723
0%
Cullman 19,913
0%
Culpeper 21,012
0%
Cupertino 57,285
0%
Cutler Bay 43,762
0%
Dana Point 32,567
0%
DeBary 23,209
0%
Defiance 17,043
0%
Del Rio 34,574
0%
Deming 14,603
0%
De Pere 25,348
0%
Depew 14,891
0%
Desert Hot Springs 33,438
0%
Dickson 16,744
0%
Dinuba 25,863
0%
Dixon 15,096 | 19,309
0%
Dolton 20,410
0%
Douglasville 39,049
0%
Downers Grove 49,706
0%
Draper 49,602
0%
Duarte 23,131
0%
Dumas 14,291
0%
Dumont 18,234
0%
Dunedin 35,930
0%
Dunmore 14,186
0%
Dunwoody 51,713
0%
Durant 20,296
0%
Dyer 16,333
0%
Dyersburg 15,968
0%
Eagle Mountain 56,932
0%
Eagle Pass 28,282
0%
Easley 26,386
0%
Easthampton Town 16,031
0%
East Moline 20,806
0%
East Palo Alto 28,216
0%
East Peoria 22,012
0%
Eastpointe 33,676
0%
East Ridge 21,961
0%
East Wenatchee 14,102
0%
Edgewater 14,678 | 23,636
0%
El Centro 43,772
0%
El Cerrito 25,552
0%
El Dorado 16,869
0%
Elizabethton 14,302
0%
Elk Grove Village 31,350
0%
Elk River 27,342
0%
Elkton 15,968
0%
El Mirage 35,850
0%
Elmwood Park 21,256 | 23,369
0%
Eloy 18,528
0%
El Paso de Robles 31,134
0%
El Reno 19,216
0%
El Segundo 16,445
0%
Emporia 24,105
0%
Englewood 29,624 | 34,275
0%
Ennis 23,686
0%
Erlanger 19,777
0%
Estero 37,908
0%
Euless 59,686
0%
Eustis 24,457
0%
Evergreen Park 19,010
0%
Fairborn 34,729
0%
Fairburn 16,661
0%
Fairhope 24,974
0%
Fair Lawn 35,564
0%
Fairview 14,927
0%
Fairview Heights 16,125
0%
Fairview Park 16,785
0%
Falls Church 14,685
0%
Faribault 24,642
0%
Farmers Branch 36,917
0%
Farragut 25,579
0%
Fate 24,626
0%
Federal Heights 13,943
0%
Fergus Falls 14,214
0%
Ferguson 17,996
0%
Ferndale 15,992 | 19,083
0%
Firestone 18,589
0%
Floral Park 15,879
0%
Florham Park 14,092
0%
Foley 24,873
0%
Forest Grove 26,799
0%
Forest Hill 14,157
0%
Forest Park 19,368 | 19,839
0%
Forney 35,470
0%
Fort Dodge 24,591
0%
Fort Payne 14,957
0%
Fort Pierce 49,374
0%
Fort Thomas 16,973
0%
Foster City 32,180
0%
Fox Crossing 18,947
0%
Franklin Park 15,024 | 17,871
0%
Franklin Town 33,125
0%
Fraser 14,434
0%
Fridley 30,156
0%
Friendswood 40,826
0%
Front Royal 15,400
0%
Fulshear 42,616
0%
Fuquay-Varina 43,817
0%
Gahanna 35,159
0%
Galesburg 29,130
0%
Galt 25,767
0%
Gardendale 16,096
0%
Gardner 20,974 | 25,378
0%
Garfield Heights 28,900
0%
Garner 35,265
0%
Gatesville 16,148
0%
Gautier 19,021
0%
Geneva 21,129
0%
Glassboro 23,987
0%
Glen Cove 27,879
0%
Glendale Heights 32,409
0%
Glendora 49,934
0%
Glen Ellyn 28,347
0%
Glenn Heights 18,793
0%
Glenpool 14,349
0%
Gloversville 14,843
0%
Godfrey 17,597
0%
Golden Valley 21,211
0%
Goleta 32,665
0%
Goodlettsville 17,429
0%
Goshen 34,355
0%
Grain Valley 16,609
0%
Granite City 26,908
0%
Grapevine 50,928
0%
Grass Valley 14,074
0%
Grayslake 20,954
0%
Great Bend 14,372
0%
Greenacres 44,103
0%
Greenbelt 24,360
0%
Greeneville 15,776
0%
Greenwood Village 15,205
0%
Gretna 17,026
0%
Grimes 16,362
0%
Grosse Pointe Woods 15,854
0%
Grove City 42,782
0%
Gurnee 30,193
0%
Hackensack 45,736
0%
Haines City 37,272
0%
Hallandale Beach 41,547
0%
Haltom City 45,290
0%
Ham Lake 16,726
0%
Hammonton 14,797
0%
Hamtramck 27,339
0%
Hanahan 21,796
0%
Hannibal 16,838
0%
Hanover 16,573
0%
Hanover Park 36,165
0%
Happy Valley 28,409
0%
Harker Heights 34,447
0%
Harper Woods 14,895
0%
Hartselle 15,875
0%
Havelock 16,500
0%
Havre de Grace 15,032
0%
Hays 21,040
0%
Hazel Park 14,808
0%
Hercules 26,582
0%
Hereford 14,752
0%
Hermiston 19,489
0%
Hermitage 15,923
0%
Hermosa Beach 18,641
0%
Hernando 18,239
0%
Hewitt 16,691
0%
Hialeah Gardens 22,286
0%
Hibbing 15,979
0%
Hidalgo 14,678
0%
Highland Village 16,100
0%
Hilliard 37,262
0%
Hinsdale 17,297
0%
Hobart 29,408
0%
Holladay 30,298
0%
Holly Springs 19,540 | 46,271
0%
Homer Glen 24,546
0%
Homewood 18,540 | 27,758
0%
Hopatcong 14,622
0%
Hope Mills 17,973
0%
Horizon City 24,168
0%
Horn Lake 26,468
0%
Huber Heights 43,313
0%
Hueytown 16,202
0%
Hugo 16,501
0%
Humble 16,237
0%
Huntley 28,269
0%
Hurricane 23,959
0%
Hurst 39,304
0%
Hutto 38,765
0%
Imperial 21,591
0%
Imperial Beach 25,458
0%
Inkster 25,056
0%
Inver Grove Heights 36,114
0%
Iowa Colony 14,823
0%
Jacksonville Beach 23,447
0%
Jenks 27,553
0%
Kaukauna 17,493
0%
Kaysville 32,941
0%
Kearns 37,767
0%
Keller 46,316
0%
Kerman 17,238
0%
Kernersville 28,016
0%
Kerrville 24,930
0%
Key Biscayne 14,414
0%
King City 13,917
0%
Kingsville 24,586
0%
Kinston 19,411
0%
Kiryas Joel 41,857
0%
Knightdale 20,275
0%
La Cañada Flintridge 19,538
0%
Lackawanna 19,593
0%
Lady Lake 16,967
0%
Laguna Beach 22,332
0%
Laguna Hills 30,243
0%
Laguna Niguel 62,899
0%
Laguna Woods 16,998
0%
Lake in the Hills 28,661
0%
Lake Mary 16,709
0%
Lake Stevens 40,521
0%
Lake Wales 16,681
0%
Lake Worth Beach 43,346
0%
Lake Zurich 19,676
0%
La Marque 19,605
0%
Lansdale 18,978
0%
La Palma 15,029
0%
La Porte 22,486 | 36,991
0%
La Puente 36,516
0%
La Quinta 39,081
0%
Lathrop 39,857
0%
Lauderdale Lakes 36,035
0%
Laurinburg 15,021
0%
La Vergne 39,597
0%
La Vista 16,346
0%
Lawndale 30,155
0%
Lawrenceville 31,015
0%
Leland 30,542
0%
Lemon Grove 27,569
0%
Lemont 17,575
0%
Lemoore 26,809
0%
Lenoir 18,238
0%
Libertyville 20,332
0%
Lilburn 15,862
0%
Lindenhurst 14,339 | 26,972
0%
Lindenwold 21,685
0%
Lino Lakes 22,376
0%
Lisle 23,222
0%
Little Elm 58,496
0%
Live Oak 15,988
0%
Lockhart 15,318
0%
Logansport 18,233
0%
Loganville 16,516
0%
Loma Linda 25,111
0%
Lombard 43,779
0%
Lomita 19,782
0%
Lone Tree 14,063
0%
Long Branch 32,745
0%
Los Altos 29,990
0%
Los Banos 48,553
0%
Los Gatos 32,216
0%
Los Lunas 19,079
0%
Loves Park 23,335
0%
Lufkin 34,181
0%
Lumberton 14,129 | 19,121
0%
Lynbrook 20,071
0%
Lynden 16,551
0%
Lynn Haven 20,501
0%
Machesney Park 22,630
0%
Macomb 14,849
0%
Madison Heights 28,238
0%
Madisonville 19,355
0%
Magna 30,087
0%
Maitland 19,215
0%
Mamaroneck 19,533
0%
Manassas Park 16,361
0%
Manitowoc 34,568
0%
Manor 20,209
0%
Manvel 17,261
0%
Marina 22,833
0%
Marshfield 18,736
0%
Martinez 36,395
0%
Maryland Heights 27,575
0%
Massapequa Park 16,826
0%
Massillon 32,439
0%
Matteson 18,293
0%
Mattoon 16,560
0%
Maumelle 19,452
0%
Mayfield Heights 19,793
0%
Maywood 22,880 | 23,824
0%
McAlester 18,140
0%
McDonough 32,138
0%
McFarland 14,049
0%
McHenry 28,251
0%
McKeesport 17,132
0%
McPherson 13,906
0%
Mebane 20,212
0%
Medina 25,889
0%
Melrose Park 23,666
0%
Menasha 18,069
0%
Menomonee Falls 39,700
0%
Menomonie 16,642
0%
Mentor 46,929
0%
Mequon 25,489
0%
Mercedes 16,732
0%
Merrillville 36,347
0%
Methuen Town 53,455
0%
Metuchen 14,977
0%
Miami Lakes 31,238
0%
Miamisburg 19,814
0%
Middleburg Heights 15,597
0%
Midlothian 41,352
0%
Midvale 35,561
0%
Millbrae 22,087
0%
Millbrook 17,367
0%
Milledgeville 16,486
0%
Millville 27,358
0%
Mineola 21,169
0%
Mineral Wells 15,454
0%
Minneola 18,001
0%
Mint Hill 27,815
0%
Mokena 19,759
0%
Moncks Corner 16,621
0%
Monrovia 36,768
0%
Monticello 14,831
0%
Moorpark 35,543
0%
Moraga 16,547
0%
Morgan Hill 44,478
0%
Morganton 17,708
0%
Morton 17,469
0%
Morton Grove 24,131
0%
Moses Lake 26,299
0%
Moultrie 14,565
0%
Mountain Brook 21,737
0%
Mount Clemens 15,378
0%
Mount Dora 17,756
0%
Mount Holly 18,373
0%
Mount Juliet 42,912
0%
Mountlake Terrace 21,516
0%
Mukilteo 21,011
0%
Mundelein 31,790
0%
Munster 23,614
0%
Murrysville 20,745
0%
Muscatine 23,341
0%
Muscle Shoals 17,210
0%
Muskogee 36,873
0%
Mustang 23,270
0%
Naugatuck 31,820
0%
Nederland 18,118
0%
Neenah 27,453
0%
New Brighton 22,228
0%
Newburgh 28,237
0%
New Hope 20,705
0%
New Lenox 28,047
0%
New Milford 16,889
0%
New Philadelphia 17,440
0%
New Port Richey 17,708
0%
New Smyrna Beach 32,655
0%
New Ulm 13,925
0%
Niceville 16,490
0%
Nolensville 15,437
0%
Norco 25,398
0%
Norridge 14,620
0%
North Arlington 16,370
0%
North Augusta 25,891
0%
North Canton 17,637
0%
Northglenn 38,164
0%
North Liberty 21,345
0%
North Mankato 14,091
0%
North Myrtle Beach 20,303
0%
North Ogden 22,233
0%
North Olmsted 31,538
0%
North Plainfield 22,566
0%
North Platte 22,523
0%
North Ridgeville 37,058
0%
North Royalton 30,687
0%
North Salt Lake 23,560
0%
Norton Shores 25,005
0%
Oak Forest 26,199
0%
Oak Harbor 24,016
0%
Oak Ridge 33,397
0%
Ocean Springs 18,997
0%
Ocoee 49,261
0%
Oconomowoc 18,682
0%
Oldsmar 14,831
0%
Onalaska 19,018
0%
Opa-locka 15,794
0%
Opelousas 15,390
0%
Orinda 19,364
0%
Ormond Beach 44,277
0%
Oro Valley 48,311
0%
Oroville 19,449
0%
Ossining 26,542
0%
Otsego 23,241
0%
Ottumwa 25,252
0%
Oviedo 41,231
0%
Owasso 41,162
0%
Owatonna 26,534
0%
Owosso 14,581
0%
Ozark 14,346 | 22,907
0%
Pacific Grove 14,757
0%
Painesville 20,605
0%
Palestine 19,372
0%
Palisades Park 20,102
0%
Palmetto Bay 24,264
0%
Palos Hills 17,759
0%
Pampa 16,543
0%
Panama City Beach 19,393
0%
Paragould 30,520
0%
Paramus 26,282
0%
Park Forest 20,763
0%
Park Ridge 37,897
0%
Parlier 14,426
0%
Parma Heights 20,431
0%
Pataskala 18,346
0%
Payson 16,731 | 24,054
0%
Peachtree City 40,193
0%
Peachtree Corners 42,136
0%
Pekin 31,126
0%
Pelham 25,121
0%
Pell City 13,924
0%
Pendleton 17,289
0%
Perrysburg 25,236
0%
Pewaukee 16,293
0%
Pflugerville 65,301
0%
Phillipsburg 15,328
0%
Phoenixville 19,871
0%
Pickerington 25,256
0%
Pinecrest 18,051
0%
Pinehurst 18,449
0%
Pinole 18,481
0%
Piqua 20,747
0%
Placentia 52,192
0%
Plainview 19,420
0%
Plant City 40,571
0%
Pleasant Grove 37,294
0%
Pleasant Hill 33,802
0%
Pleasant Prairie 21,818
0%
Pleasantville 20,613
0%
Plover 14,110
0%
Point Pleasant 19,429
0%
Ponca City 24,306
0%
Pooler 29,544
0%
Portage 38,513 | 49,302
0%
Port Chester 30,584
0%
Port Hueneme 21,217
0%
Port Royal 16,287
0%
Port Wentworth 14,468
0%
Poway 48,051
0%
Powder Springs 18,950
0%
Prairie Village 22,900
0%
Prattville 39,318
0%
Prichard 18,816
0%
Prior Lake 28,027
0%
Prospect Heights 15,334
0%
Prosper 41,660
0%
Radcliff 22,749
0%
Rahway 29,813
0%
Ramsey 14,706 | 28,560
0%
Rancho Mirage 17,795
0%
Rancho Palos Verdes 39,980
0%
Randolph Town 34,487
0%
Red Bluff 14,413
0%
Red Oak 18,624
0%
Red Wing 16,756
0%
Reedley 25,958
0%
Reidsville 14,585
0%
Republic 20,144
0%
Reynoldsburg 41,220
0%
Richfield 36,445
0%
Richmond Hill 18,459
0%
Ridgecrest 28,088
0%
Ridgeland 24,459
0%
Ridgewood 26,194
0%
Rio Grande City 15,311
0%
Ripon 16,068
0%
Riverbank 25,001
0%
Riviera Beach 38,663
0%
Roanoke Rapids 14,669
0%
Robbinsdale 13,968
0%
Rock Island 36,132
0%
Rockledge 29,452
0%
Rockville Centre 25,578
0%
Rockwall 52,918
0%
Rocky River 21,236
0%
Rohnert Park 44,546
0%
Rolling Meadows 23,329
0%
Romulus 24,702
0%
Roseburg 23,861
0%
Roselle 22,342 | 22,508
0%
Roselle Park 13,932
0%
Rosemount 27,590
0%
Rosenberg 41,104
0%
Royse City 24,138
0%
Ruston 22,233
0%
Sachse 32,294
0%
Safety Harbor 16,955
0%
Sahuarita 36,356
0%
Salem Lakes 14,367
0%
San Dimas 33,105
0%
Sand Springs 20,075
0%
Sanger 26,343
0%
Santa Fe Springs 20,174
0%
Santa Paula 31,792
0%
Santaquin 17,532
0%
Sapulpa 22,981
0%
Saraland 16,435
0%
Sartell 19,726
0%
Savage 32,999
0%
Sayreville 45,496
0%
Schererville 29,657
0%
Schertz 43,239
0%
Scottsboro 15,863
0%
Seagoville 19,643
0%
Seal Beach 24,352
0%
Searcy 23,813
0%
Secaucus 21,005
0%
Sedalia 22,086
0%
Seguin 36,013
0%
Seminole 19,252
0%
Sevierville 18,102
0%
Shafter 21,915
0%
Shaker Heights 28,541
0%
Shakopee 47,158
0%
Shepherdsville 14,691
0%
Shiloh 14,736
0%
Shively 15,455
0%
Shoreview 26,374
0%
Sierra Vista 44,431
0%
Sikeston 16,085
0%
Siloam Springs 19,336
0%
Simpsonville 27,506
0%
Snellville 22,067
0%
Socorro 38,238
0%
Soledad 23,947
0%
Somerton 14,594
0%
Southbridge Town 17,880
0%
South Elgin 24,277
0%
South El Monte 19,032
0%
Southern Pines 16,728
0%
South Holland 20,483
0%
South Houston 15,808
0%
South Milwaukee 20,211
0%
South Ogden 17,678
0%
South Plainfield 24,131
0%
South River 15,931
0%
South Salt Lake 26,122
0%
South St. Paul 20,664
0%
Speedway 14,157
0%
Springboro 19,475
0%
Stallings 17,212
0%
Statesboro 34,452
0%
Stephenville 21,946
0%
Steubenville 18,064
0%
Stevens Point 25,752
0%
St. Helens 14,437
0%
St. Marys 19,537
0%
St. Matthews 17,356
0%
St. Michael 21,034
0%
Streamwood 37,780
0%
Streetsboro 17,796
0%
Strongsville 45,511
0%
Suisun City 28,743
0%
Sulphur 20,400
0%
Sulphur Springs 16,564
0%
Summit 22,344
0%
Sunland Park 17,689
0%
Sunny Isles Beach 21,885
0%
Sun Prairie 37,890
0%
Suwanee 22,913
0%
Sweetwater 20,352
0%
Sycamore 18,682
0%
Sylvania 19,035
0%
Tahlequah 16,833
0%
Takoma Park 17,464
0%
Talladega 14,768
0%
Tallmadge 18,317
0%
Tarpon Springs 25,872
0%
Tavares 21,061
0%
Tega Cay 14,057
0%
Temple Terrace 26,972
0%
Tenafly 15,178
0%
Terrell 21,480
0%
The Colony 45,471
0%
The Dalles 15,786
0%
Thibodaux 15,646
0%
Tiffin 17,603
0%
Tifton 17,357
0%
Tigard 55,590
0%
Tinley Park 53,886
0%
Tinton Falls 19,354
0%
Tomball 14,201
0%
Tonawanda 14,899
0%
Tooele 39,263
0%
Torrington 35,550
0%
Trotwood 22,940
0%
Troutdale 15,717
0%
Trussville 26,770
0%
Tucker 36,975
0%
Tukwila 21,135
0%
Tullahoma 21,001
0%
Twinsburg 19,439
0%
Ukiah 16,072
0%
Universal City 20,028
0%
University Place 35,049
0%
Upper Arlington 35,743
0%
Uvalde 15,436
0%
Vandalia 14,938
0%
Vernon Hills 26,677
0%
Verona 15,815
0%
Villa Park 21,727
0%
Villa Rica 18,703
0%
Vincennes 16,588
0%
Vineyard 14,500
0%
Wadsworth 24,709
0%
Warrenville 15,027
0%
Wasco 26,917
0%
Washington Court House 14,412
0%
Washougal 16,985
0%
Watauga 22,934
0%
Watertown Town 35,256
0%
Watsonville 50,867
0%
Wauconda 13,891
0%
Waukee 31,645
0%
Waunakee 15,152
0%
Waxahachie 47,201
0%
Waxhaw 23,073
0%
Weatherford 38,109
0%
Weddington 14,080
0%
Wendell 14,400
0%
Weslaco 43,053
0%
West Allis 58,874
0%
West Bend 31,886
0%
Westbury 15,739
0%
West Columbia 18,316
0%
Westerville 37,958
0%
West Linn 26,629
0%
West Mifflin 18,916
0%
Westmont 23,933
0%
West Springfield Town 28,424
0%
West St. Paul 21,722
0%
West University Place 14,791
0%
Wheat Ridge 31,804
0%
White Bear Lake 23,363
0%
Whitefish Bay 14,553
0%
Whitehall 14,615 | 19,727
0%
White House 15,340
0%
White Settlement 18,005
0%
Whitewater 15,627
0%
Wildomar 37,087
0%
Willmar 21,335
0%
Willoughby 24,163
0%
Willowick 14,123
0%
Wilmette 27,026
0%
Wilsonville 26,345
0%
Winder 19,669
0%
Winona 26,029
0%
Winter Garden 47,294
0%
Winter Springs 38,941
0%
Winthrop Town 18,319
0%
Wisconsin Rapids 18,670
0%
Wixom 17,134
0%
Woodburn 29,033
0%
Woodstock 25,699 | 38,473
0%
Wooster 27,030
0%
Wyandotte 24,057
0%
Yucaipa 53,947
0%
No matching quizzes found
Score Distribution
Percent of People with Each Score
Percentile by Number Answered
Your Score History
You have not taken this quiz since the last reset